[Event "RSA-chT U20A"]
[Site "Boksburg"]
[Date "2018.12.17"]
[Round "4.6"]
[White "Michaels, Jacques"]
[Black "Nsibande, Bonisani"]
[Result "0-1"]
[WhiteElo "1014"]
[BlackElo "1478"]
[PlyCount "40"]
[EventDate "2018.12.16"]
[EventType "team-tourn"]
[EventRounds "7"]
[EventCountry "RSA"]
[SourceTitle "EXT 2020"]
[Source "ChessBase"]
[SourceDate "2019.10.17"]
[SourceVersion "1"]
[SourceVersionDate "2019.10.17"]
[SourceQuality "1"]
[WhiteTeam "Eden District U20"]
[BlackTeam "Johannesburg Metro U20"]
[WhiteTeamCountry "RSA"]
[BlackTeamCountry "RSA"]

1. e4 e6 2. d4 d5 3. exd5 exd5 4. Qe2+ Be7 5. Nc3 Nf6 6. Bg5 0-0 7. Qf3 c6 8. a3 Re8 9. Be2 Bg4 10. Qd3 Bxe2 11. Ngxe2 Nbd7 12. 0-0 Bd6 13. Rae1 Bxh2+ 14. Kxh2 Ng4+ 15. Kh3 Qxg5 16. Qf3 Qh5+ 17. Kg3 Qh2+ 18. Kxg4 h5+ 19. Kf5 Re5+ 20. dxe5 Qxe5# 0-1

[Event "RSA-chT U20A"]
[Site "Boksburg"]
[Date "2018.12.17"]
[Round "3.6"]
[White "Michaels, Jacques"]
[Black "Simelane, Sibusiso"]
[Result "1-0"]
[WhiteElo "1014"]
[BlackElo "1007"]
[PlyCount "65"]
[EventDate "2018.12.16"]
[EventType "team-tourn"]
[EventRounds "7"]
[EventCountry "RSA"]
[SourceTitle "EXT 2020"]
[Source "ChessBase"]
[SourceDate "2019.10.17"]
[SourceVersion "1"]
[SourceVersionDate "2019.10.17"]
[SourceQuality "1"]
[WhiteTeam "Eden District U20"]
[BlackTeam "Ekurhuleni U20"]
[WhiteTeamCountry "RSA"]
[BlackTeamCountry "RSA"]

1. e4 c5 2. Nc3 Nc6 3. Bb5 e5 4. Bxc6 bxc6 5. d3 Nf6 6. Nf3 d6 7. h3 Be7 8. a3 Be6 9. b4 cxb4 10. axb4 a6 11. Ba3 Qc7 12. 0-0 d5 13. Qe2 d4 14. Na4 Nd7 15. Rab1 0-0 16. Nc5 Nxc5 17. bxc5 Rfb8 18. c4 a5 19. Rb6 Rb7 20. Rxb7 Qxb7 21. Nxe5 f6 22. Ng4 Qb3 23. Ra1 Rd8 24. Qd1 a4 25. Qxb3 axb3 26. Rb1 Bxg4 27. hxg4 Rb8 28. Kf1 Kf7 29. Ke2 Ke6 30. f3 h6 31. Kf2 Bd8 32. Bb2 Ba5 33. Bxd4 1-0

[Event "RSA-chT U20A"]
[Site "Boksburg"]
[Date "2018.12.16"]
[Round "1.6"]
[White "Michaels, Jacques"]
[Black "Cilliers, Michaela"]
[Result "1-0"]
[WhiteElo "1014"]
[BlackElo "782"]
[PlyCount "215"]
[EventDate "2018.12.16"]
[EventType "team-tourn"]
[EventRounds "7"]
[EventCountry "RSA"]
[SourceTitle "EXT 2020"]
[Source "ChessBase"]
[SourceDate "2019.10.17"]
[SourceVersion "1"]
[SourceVersionDate "2019.10.17"]
[SourceQuality "1"]
[WhiteTeam "Eden District U20"]
[BlackTeam "Bojanala Platina U20"]
[WhiteTeamCountry "RSA"]
[BlackTeamCountry "RSA"]

1. e4 e5 2. Nf3 d6 3. h3 h6 4. d4 Bd7 5. dxe5 a6 6. exd6 cxd6 7. g4 Nc6 8. a3 Be7 9. Nc3 Be6 10. Bf4 f6 11. Bg2 Ne5 12. Bxe5 fxe5 13. 0-0 Qc7 14. b3 Qxc3 15. Qd2 Qc6 16. Rfb1 Rd8 17. a4 d5 18. exd5 Qc7 19. Qe2 Rxd5 20. c4 Rd8 21. Qxe5 Bd6 22. Qxe6+ Ne7 23. Rd1 h5 24. c5 Rh6 25. Qc4 Bxc5 26. Rxd8+ Kxd8 27. Rd1+ Rd6 28. Rxd6+ Qxd6 29. Qe2 hxg4 30. hxg4 Bb6 31. Qd2 Nd5 32. Ng5 Kc8 33. Qxd5 Qf6 34. Qf5+ Kb8 35. Qxf6 gxf6 36. Ne6 Kc8 37. Bh3 a5 38. g5 Kd7 39. Nc5+ Ke7 40. Nxb7 fxg5 41. Kg2 Kf6 42. Kf3 Ke5 43. Bg4 Kf6 44. Nd6 Kg6 45. Ke4 Bxf2 46. Bf5+ Kh5 47. Nc4 Be1 48. Ke3 Kh4 49. Ke2 Bb4 50. Kf3 Kh5 51. Ne5 Kh4 52. Bg6 Bc3 53. Nf7 g4+ 54. Kg2 g3 55. Nd6 Bb4 56. Ne4 Be1 57. Bf7 Kg4 58. Be6+ Kf4 59. Bd5 Kg4 60. Bc6 Bb4 61. Nxg3 Kf4 62. Ne2+ Ke3 63. Kf1 Kd3 64. Bd5 Ke3 65. Bg8 Kf3 66. Nd4+ Ke3 67. Nc6 Bc3 68. Kg2 Bd2 69. Kg3 Bc3 70. Kg4 Ke4 71. Bc4 Bd2 72. Kg3 Ke3 73. Kg4 Ke4 74. Kh5 Kf5 75. Nd4+ Kf4 76. Kg6 Kg4 77. Kf6 Bc3 78. Ke5 Kg3 79. Ke4 Kf2 80. Nc6 Ke1 81. Kd5 Kd1 82. Kc5 Kc2 83. Kb5 Kb2 84. Nxa5 Ka3 85. Nc6 Bd2 86. a5 Bxa5 87. Kxa5 Kb2 88. b4 Kc3 89. b5 Kxc4 90. Ka6 Kc5 91. Nd8 Kd6 92. b6 Kd7 93. b7 Kc7 94. Ka7 Kxd8 95. b8Q+ Kd7 96. Qb6 Ke7 97. Qd4 Ke6 98. Kb7 Kf5 99. Qe3 Kf6 100. Kc7 Kf5 101. Kd6 Kg4 102. Qf2 Kg5 103. Ke5 Kg4 104. Qf4+ Kh3 105. Qg5 Kh2 106. Kf4 Kh1 107. Kf3 Kh2 108. Qg2# 1-0